MARC details
| 000 -LEADER |
| campo de control de longitud fija |
02161nam a22004937a 4500 |
| 003 - IDENTIFICADOR DE NÚMERO DE CONTROL |
| campo de control |
OSt |
| 005 - FECHA Y HORA DE LA ÚLTIMA TRANSACCIÓN |
| campo de control |
20230308113018.0 |
| 008 - DATOS DE LONGITUD FIJA--INFORMACIÓN GENERAL |
| campo de control de longitud fija |
221006b |||||||| |||| 00| 0 eng d |
| 020 ## - NÚMERO INTERNACIONAL ESTÁNDAR DEL LIBRO |
| Número Internacional Estándar del Libro |
1136-6907 |
| 040 ## - FUENTE DE CATALOGACIÓN |
| Centro/agencia transcriptor |
Biblioteca Lado V |
| 082 ## - NÚMERO DE LA CLASIFICACIÓN DECIMAL DEWEY |
| Número de clasificación |
700.41 |
| Número de ítem |
R744a |
| 100 ## - ENTRADA PRINCIPAL--NOMBRE DE PERSONA |
| 9 (RLIN) |
525 |
| Nombre de persona |
Rolando, Carlos |
| Término indicativo de función/relación |
autor |
| 245 ## - MENCIÓN DEL TÍTULO |
| Título |
ARCONoticas/ |
| 260 ## - PUBLICACIÓN, DISTRIBUCIÓN, ETC. |
| Nombre del editor, distribuidor, etc. |
Feria Internacional de Arte Contemporáneo |
| Fecha de publicación, distribución, etc. |
1998 |
| Lugar de publicación, distribución, etc. |
Madrid |
| 300 ## - DESCRIPCIÓN FÍSICA |
| Dimensiones |
21x30cm |
| Extensión |
78p. |
| 490 ## - MENCIÓN DE SERIE |
| Mención de serie |
12 |
| Designación de volumen o secuencia |
1998 |
| 505 ## - NOTA DE CONTENIDO CON FORMATO |
| Título |
Editorial |
| 505 ## - NOTA DE CONTENIDO CON FORMATO |
| Título |
ARCO'98 en la memoirs Ascolusitania |
| Nota de contenido con formato |
-out of Africa<br/>-Portugal 1990's |
| 505 ## - NOTA DE CONTENIDO CON FORMATO |
| Título |
ARCO Latino |
| Nota de contenido con formato |
-The Caribbean at ARCO'98 witch a Cuban Flavor<br/><br/> |
| 505 ## - NOTA DE CONTENIDO CON FORMATO |
| Título |
Art Collecting |
| Nota de contenido con formato |
-Nancy y Robert Magoon<br/>-Enrique Ordonez <br/>-Ignacio Oberto |
| 505 ## - NOTA DE CONTENIDO CON FORMATO |
| Título |
ARCO Electronico/media Art |
| Nota de contenido con formato |
-Talking about Media Arts<br/>-Simplified Overview of Electronic Art<br/>-Network Practice<br/>-Openning the Trap: Art in a Technoscientific Society |
| 505 ## - NOTA DE CONTENIDO CON FORMATO |
| Título |
The Art Market |
| Nota de contenido con formato |
-Interview with Robin Cembalest and Amy Fussleman |
| 505 ## - NOTA DE CONTENIDO CON FORMATO |
| Título |
The Debate |
| Nota de contenido con formato |
-10th Contemporary Art Appreciation Course<br/>-Round Tables<br/>-Interview with hans ulrich obrist |
| 505 ## - NOTA DE CONTENIDO CON FORMATO |
| Título |
Prizes Awarded at ARCO'98 |
| 505 ## - NOTA DE CONTENIDO CON FORMATO |
| Título |
Personal Viempoint |
| Nota de contenido con formato |
-Interview witch Miguel Fernandez-CID<br/>-Interview witch Manuel Borja<br/>-Interview witch Umberto Allemandi |
| 505 ## - NOTA DE CONTENIDO CON FORMATO |
| Título |
Gallery of Profiles |
| 505 ## - NOTA DE CONTENIDO CON FORMATO |
| Título |
Art Spaces |
| 505 ## - NOTA DE CONTENIDO CON FORMATO |
| Título |
Who's who Portugal |
| 505 ## - NOTA DE CONTENIDO CON FORMATO |
| Título |
Association News |
| 505 ## - NOTA DE CONTENIDO CON FORMATO |
| Título |
ARCO Snapshots |
| 505 ## - NOTA DE CONTENIDO CON FORMATO |
| Título |
Foundation News |
| 505 ## - NOTA DE CONTENIDO CON FORMATO |
| Título |
In Memoriam |
| 505 ## - NOTA DE CONTENIDO CON FORMATO |
| Título |
ARCOFRANCE |
| Nota de contenido con formato |
-Interview with Alain Julien-Laferriere |
| 505 ## - NOTA DE CONTENIDO CON FORMATO |
| Título |
Notebook |
| Nota de contenido con formato |
20th Century Art Trends and Schools |
| 505 ## - NOTA DE CONTENIDO CON FORMATO |
| Título |
Round tables ARCO'99 |
| 505 ## - NOTA DE CONTENIDO CON FORMATO |
| Título |
Basic Glossary for photography collectors |
| 505 ## - NOTA DE CONTENIDO CON FORMATO |
| Título |
Visual Art Agenda |
| 650 ## - PUNTO DE ACCESO ADICIONAL DE MATERIA--TÉRMINO DE MATERIA |
| Fuente del encabezamiento o término |
Tesauro de Arte & Arquitectura |
| Término de materia o nombre geográfico como elemento de entrada |
ARTE |
| 9 (RLIN) |
703 |
| 650 ## - PUNTO DE ACCESO ADICIONAL DE MATERIA--TÉRMINO DE MATERIA |
| Fuente del encabezamiento o término |
Tesauro de Arte & Arquitectura |
| Término de materia o nombre geográfico como elemento de entrada |
NOTICIAS |
| 650 ## - PUNTO DE ACCESO ADICIONAL DE MATERIA--TÉRMINO DE MATERIA |
| Fuente del encabezamiento o término |
Tesauro de Arte & Arquitectura |
| Término de materia o nombre geográfico como elemento de entrada |
CRITICA |
| 650 ## - PUNTO DE ACCESO ADICIONAL DE MATERIA--TÉRMINO DE MATERIA |
| Fuente del encabezamiento o término |
Tesauro de Arte & Arquitectura |
| Término de materia o nombre geográfico como elemento de entrada |
APRECIACION |
| 650 ## - PUNTO DE ACCESO ADICIONAL DE MATERIA--TÉRMINO DE MATERIA |
| Fuente del encabezamiento o término |
Tesauro de Arte & Arquitectura |
| Término de materia o nombre geográfico como elemento de entrada |
VISIBILIDAD |
| 942 ## - ELEMENTOS DE ENTRADA SECUNDARIOS (KOHA) |
| Fuente del sistema de clasificación o colocación |
Clasificación Decimal Dewey |
| Tipo de ítem Koha |
Libros |
| Parte de la signatura que corresponde a la clasificación (Parte de la clasificación) |
700.41 |
| Parte de la signatura que identifica el ejemplar (Parte del ítem) |
R744a |
| Suprimir en OPAC |
No |
| Edición |
edición en inglés |